| 000 | 01020nam a2200361 c 4500 | ||
|---|---|---|---|
| 001 | 31640 | ||
| 003 | DO-SdBNP | ||
| 005 | 20230315110507.0 | ||
| 007 | 31640 | ||
| 008 | 151223s2010 sp | |||| 000 1 spa | ||
| 015 | _a | ||
| 017 |
_a _b |
||
| 020 | _a9788478889945 | ||
| 035 | _a | ||
| 040 |
_aBPMSU _bspa _cBPMSU _e |
||
| 041 | 1 |
_aspa _h |
|
| 080 | _a | ||
| 082 | 4 |
_a823.91 _bR884H 2010 _222 |
|
| 100 | 1 |
_aRowling, J. K. _d1965- _4 |
|
| 245 | 1 | 0 |
_aHarry Potter y el misterio del príncipe / _cJ.K. Rowling ; traducción, Gemma Rovira Ortega |
| 250 | _a3ª ed. | ||
| 260 |
_aBarcelona _bSalamandra, _c2010 |
||
| 300 |
_a602 p.; _c21 cm |
||
| 490 | 0 |
_aHarry Potter _v6 |
|
| 490 | 0 | _aLetras de bolsillo | |
| 534 |
_aTítulo original : _tHarry Potter and the half-blood prince |
||
| 590 | _6Inventariado, 2023/VM | ||
| 650 | 4 | _aNovela inglesa juvenil | |
| 650 | 4 |
_aMagia _vNovela |
|
| 700 | 1 |
_aRovira Ortega, Gemma _etr. _4 |
|
| 910 | _aVMateo V. Control de calidad (BPMSU) | ||
| 942 |
_2ddc _cBK |
||
| 999 |
_c10960 _d10960 |
||